000 00463nam a2200169Ia 4500
008 090711s9999 xx 000 0 und d
082 _b34073
100 _aपै शिरीष
245 _aएकतारी
260 _bपॉप्युलर प्रकाशन
_c1965
300 _a88
600 _aपै शिरीष
630 _aएकतारी
700 _aपै शिरीष
730 _aएकतारी
942 _cBOOK
999 _c329530
_d329530